000 00776cam a22002413a 4500
001 13541
003 PGUSA
005 20140828083306.0
008 040927s2004||||xxu|||||s|||||000 1 eng d
040 _aPGUSA
_beng
042 _adc
050 4 _aPS
100 1 _aBierce, Ambrose,
_d1842-1913
245 1 4 _aThe Collected Works of Ambrose Bierce, Volume 1
_h[electronic resource] /
_cAmbrose Bierce
260 _bProject Gutenberg,
_c2004
505 0 _aAshes of the beacon -- The land beyond the blow -- For the Ahkoond -- John Smith, liberator -- Bits of autobiography.
506 _aPublic domain in the USA.
516 _aElectronic text
653 _aFiction
830 0 _aProject Gutenberg
_v13541
856 4 0 _uhttp://www.gutenberg.org/ebooks/13541
942 _cEB
999 _c242796
_d242796